000
00327nam a2200133Ia 4500
005
20251222144729.0
008
251222s9999||||xx |||||||||||||| ||spa||
020
_a
84-89047-23-5
082
_a
936.4/M32
100
_a
May G., Pedro Pablo
245
0
_a
Mito y Realidad de la Leyenda Celta
264
_b
Contastre
942
_c
LIB
999
_c
18525
_d
18525